000 01050nam a22003377a 4500
003 CHAP
005 20220329133832.0
008 971013s1988 r 00010 d
010 _a11592
011 _a12564
035 _a15750
040 _cCHAP
090 _aFolleto 12075
100 0 0 _aMonares, Aníbal.
_977456
245 _aProducción de semilla (sexual) híbrida de papa en Chile : factibilidad económica
260 _aLima :
_bCentro Internacional de la Papa,
_c1988
300 _a37 p.
500 _aD14-186
590 _aBATCH-UPD
_b10
_c20130110
_lUCH01
_h0255
590 _aBATCH-UPD
_b10
_c20130110
_lUCH01
_h1545
590 _aBATCH-UPD
_b10
_c20130410
_lUCH01
_h1522
590 _aBATCH-UPD
_b10
_c20130914
_lUCH01
_h1858
590 _aCONVERSION
_b10
_c20130109
_lUCH01
_h1308
650 1 4 _aPapa
_xChile.
_985198
650 1 4 _aPapa
_xHíbridos.
_985249
650 1 4 _aPapa
_xSemilla.
_985288
700 0 _aAchata Paiva, Adolfo.
_9546
901 _aBK
942 _cFOLL
949 _aFolleto 12075
_bBC
_cFOLL
_d-27959
_eTS1
_i15750
_mD
_si
999 _c11592
_d11592